[Event "4th SICC Masters"]
[Site "Singapore SIN"]
[Date "2007.12.20"]
[Round "8"]
[White "Kuznetsov,Ki"]
[Black "Lim Yee Weng"]
[Result "1/2-1/2"]
[WhiteElo "2252"]
[BlackElo "2336"]

1.d4 d5 2.c4 c6 3.Nc3 Nf6 4.e3 e6 5.Nf3 Nbd7 6.Qc2 Bd6 7.Bd3 dxc4 8.Bxc4 b5
9.Bd3 Bb7 10.O-O O-O 11.e4 e5 12.Bg5 h6 13.Bh4 Re8 14.Rad1 Qb8 15.Ne2 exd4
16.Nexd4 a6 17.Nf5 Bf4 18.g3 Bc7 19.Qc3 c5 20.Bxf6 b4 21.Qb3 Nxf6 22.Bc4 Rxe4
23.Bxf7+ Kh8 24.Bg6 Qg8 25.Bf7 c4 26.Bxg8 cxb3 27.Bxb3 Re2 28.N3d4 Rxb2 29.Ne6 Bb6
30.Rd6 Ba7 31.Nexg7 Rf8 32.Ne6 Re8 33.Ned4 Bxd4 34.Nxd4 Kg7 35.Rc1 Bc8 36.Rc7+ Nd7
37.Nf5+ Kf8 38.Rcxd7 Re1+ 39.Kg2 Bxd7 40.Rxd7 Ke8 41.Rf7 Ree2 42.Nd6+ Kd8
43.Nb7+ Ke8 44.Nd6+ Kd8 45.Nc4 Rb1 46.Ra7 h5 47.h4 Rbe1 48.Rxa6 Re6 49.Ra8+ Kc7
50.Ra7+ Kd8 51.Rh7 Rf6 52.Ne5 Rxe5 53.Rf7 Rxf7 54.Bxf7 Ke7 55.Bc4 Kf6 56.Kf3 Rc5
57.Bg8 Ke5 58.Bf7 Kf6 59.Bb3 Ke5 60.Bf7 Rc6 61.Bxh5 Ra6 62.Ke3 Ra3+ 63.Kd2 Rxa2+
64.Kd3 Rxf2 65.Kc4 Rb2 66.Bd1 Rd2 67.Bh5 Rd4+ 68.Kb3 Kd6 69.Bg6 Kc5 70.Bf5 Rc4
71.g4 Rc3+ 72.Kb2 Re3 73.h5 Kc4 74.h6 Re2+ 75.Kc1 b3 76.h7 Re8 77.Be6+ Kc3
78.Bxb3 Re1+ 79.Bd1 Rh1 80.g5 Rxh7 81.Bf3 Rh3 82.Bc6 Rg3 83.Kd1 Kd3 84.Bb5+ Ke3
85.Kc2 Rxg5 86.Be8 Kd4 87.Kb3 Rg3+ 88.Kc2 Rd3 89.Bg6 Rc3+ 90.Kb2 Kc4 91.Bf7+ Kb4
92.Bg6 Rb3+ 93.Kc2 Rc3+ 94.Kb2 Rg3 95.Bf5 Rg2+ 96.Ka1 Ka3 97.Kb1 Kb3 98.Kc1 Rb2
99.Be6+ Kc3 100.Kd1 Rd2+ 101.Ke1 Kd3 102.Bf5+ Ke3 103.Be6 Rd6 104.Bf7 Rf6
105.Be8 Rf8 106.Bd7 Rh8 107.Kf1 Rf8+ 108.Ke1 Rf6 109.Be8 Rh6 110.Kd1 Re6
111.Bf7 Rc6 112.Be8 Rc8 113.Bf7  1/2-1/2

[Event "4th SICC Masters"]
[Site "Singapore SIN"]
[Date "2007.12.20"]
[Round "8"]
[White "Li Ruofan"]
[Black "Teo,W"]
[Result "1-0"]
[WhiteElo "2417"]
[BlackElo "2191"]

1.d4 d5 2.c4 c6 3.Nc3 e6 4.e3 Nf6 5.Nf3 Nbd7 6.Bd3 Bd6 7.O-O O-O 8.e4 dxc4
9.Bxc4 e5 10.Bg5 Qe7 11.d5 Nb6 12.Bb3 Bg4 13.h3 Bh5 14.g4 Bg6 15.Qe2 Bb4
16.dxc6 bxc6 17.Rac1 Rfe8 18.Nh4 Rad8 19.Na4 Rd4 20.Nxg6 hxg6 21.Nxb6 axb6
22.Rxc6 Qb7 23.Qb5 Nxe4 24.Be3 Nd2 25.Bxd2 Bxd2 26.Rc7 Qxc7 27.Qxe8+ Kh7
28.Bxf7 Qc2 29.g5  1-0

[Event "Open A"]
[Site "Zadar CRO"]
[Date "2007.12.20"]
[Round "7"]
[White "Martinovic,Sa"]
[Black "Rogic,D"]
[Result "1-0"]
[WhiteElo "2362"]
[BlackElo "2505"]

1.d4 d5 2.c4 e6 3.Nc3 c6 4.e3 Nf6 5.Nf3 Nbd7 6.Qc2 Bd6 7.e4 dxe4 8.Nxe4 Nxe4
9.Qxe4 c5 10.Bg5 Be7 11.Bxe7 Qa5+ 12.Ke2 Kxe7 13.g3 Rd8 14.Bg2 Qb6 15.Rhd1 Nf6
16.Qe5 Qxb2+ 17.Kf1 cxd4 18.Rab1 Qxa2 19.Qc5+ Ke8 20.Nxd4 Qa4 21.Ra1 Rxd4
22.Qxd4 Qd7 23.Qe5 Qe7 24.Rd4 a6 25.Kg1 h6 26.Rad1 a5 27.Qb5+ Kf8 28.Rd8+ Ne8
29.c5 a4 30.c6 bxc6 31.Bxc6 Ba6 32.Rxa8  1-0

[Event "Harmonie Open A"]
[Site "Groningen NED"]
[Date "2007.12.21"]
[Round "1"]
[White "Hoeksema,E"]
[Black "Goudriaan,E"]
[Result "1/2-1/2"]
[WhiteElo "2373"]
[BlackElo "2123"]

1.Nf3 Nf6 2.c4 e6 3.Nc3 d5 4.d4 c6 5.e3 Nbd7 6.Qc2 a6 7.b3 Bb4 8.Bd2 O-O
9.Bd3 b5 10.O-O bxc4 11.bxc4 dxc4 12.Bxc4 c5 13.Rab1 a5 14.dxc5 Nxc5 15.Rfd1 Qe7
16.Qb2 Ba6 17.Bxa6 Nxa6 18.Nb5 Rab8 19.a4 Rfd8 20.Nfd4 Rbc8 21.Rbc1 Bxd2
22.Qxd2 Qb4  1/2-1/2

[Event "Open A"]
[Site "Zadar CRO"]
[Date "2007.12.21"]
[Round "8"]
[White "Jankovic,A"]
[Black "Doric,D"]
[Result "1-0"]
[WhiteElo "2548"]
[BlackElo "2470"]

1.d4 d5 2.c4 e6 3.Nc3 c6 4.e3 Nf6 5.Nf3 a6 6.Qc2 c5 7.cxd5 exd5 8.Be2 Nc6
9.O-O Be6 10.Rd1 Nb4 11.Qd2 Ne4 12.Nxe4 dxe4 13.Ne5 cxd4 14.exd4 Be7 15.a3 Nd5
16.Qc2 f5 17.f3 exf3 18.Bxf3 O-O 19.Nd3 Bf7 20.Ne5 Be6 21.Nd3 Bf7 22.Nc5 b6
23.Nd3 Rc8 24.Qe2 a5 25.Ne5 Qd6 26.Nxf7 Rxf7 27.Qd3 Rd8 28.Kh1 h6 29.Bd2 Kh8
30.Re1 f4 31.Rac1 Bg5 32.Re5 Ne3 33.Qe4 Bf6 34.Re8+ Rxe8 35.Qxe8+ Rf8 36.Qg6 Rd8
37.Rc6 Qe7 38.Be4 Kg8 39.Rxb6 Qf7 40.Qh7+ Kf8 41.Bxa5 Rxd4 42.Qh8+ Qg8 43.Bb4+ Kf7
44.Qxg8+ Kxg8 45.Bf3 Rc4 46.Rc6 Rxc6 47.Bxc6 Bxb2 48.a4 Bd4 49.a5 Kf7 50.Bd6 Ba7
51.Bxf4 Ke6 52.Bc7 Nc4 53.g3 Nxa5 54.Bxa5 Bd4 55.Kg2 Ke5 56.Kf3 Bb2 57.Kg4 Kf6
58.Bf3 Be5 59.Bb6 g6 60.Be4 Bd6 61.Bf2 h5+ 62.Kh3 Be7 63.Bc6  1-0

[Event "Harmonie Open A"]
[Site "Groningen NED"]
[Date "2007.12.23"]
[Round "3"]
[White "Simutowe,A"]
[Black "Cooke,E"]
[Result "1-0"]
[WhiteElo "2421"]
[BlackElo "2253"]

1.Nf3 d5 2.d4 Nf6 3.c4 c6 4.Nc3 e6 5.e3 Nbd7 6.Qc2 Bd6 7.b3 O-O 8.Be2 b6
9.O-O Bb7 10.e4 e5 11.exd5 cxd5 12.dxe5 Nxe5 13.Rd1 Qb8 14.Nd4 dxc4 15.bxc4 Re8
16.Nf5 Bc5 17.Bf4 Qc8 18.Bg3 Qc6 19.Nh4 Rac8 20.Qf5 g6 21.Qf4 Qe6 22.h3 Bf8
23.Nb5 Nxc4 24.Nd4 Qe5 25.Bxc4 Qxf4 26.Bxf7+ Kxf7 27.Bxf4 Nd5 28.Bd2 Bg7
29.Nhf3 Nc3 30.Bxc3 Rxc3 31.Nb5 Bxf3 32.Rd7+ Kf8 33.Nxc3 Bxc3 34.Rc1 Bb2
35.Rb1 Bc6 36.Rc7  1-0

[Event "57th ch-RUS w"]
[Site "Moscow RUS"]
[Date "2007.12.23"]
[Round "5"]
[White "Matveeva,S"]
[Black "Kosintseva,T"]
[Result "1/2-1/2"]
[WhiteElo "2433"]
[BlackElo "2492"]

1.d4 d5 2.c4 c6 3.Nc3 Nf6 4.e3 e6 5.Nf3 Nbd7 6.Qc2 Bd6 7.b3 O-O 8.Be2 b6
9.O-O Bb7 10.Bb2 Qe7 11.Rad1 Rfe8 12.h3 Rad8 13.Bd3 e5 14.cxd5 cxd5 15.dxe5 Nxe5
16.Nd4 Bb8 17.Rfe1 a6 18.Bf1 Rc8 19.Rc1 b5 20.Qd1 b4 21.Nce2 Rxc1 22.Nxc1 Ne4
23.Nd3 Nxd3 24.Bxd3 Qe5 25.f4 Qf6 26.Bxe4 dxe4 27.Qd2 a5 28.a3 bxa3 29.Bxa3 Qb6
30.Rc1 Qd8 31.Qc3 f6 32.Qc5 Qd7 33.Qb6 a4 34.bxa4 Qxa4 35.Qb5  1/2-1/2

[Event "3rd ch-BIH"]
[Site "Sarajevo BIH"]
[Date "2007.12.23"]
[Round "6"]
[White "Saric,Ib"]
[Black "Stojanovic,Da"]
[Result "1/2-1/2"]
[WhiteElo "2541"]
[BlackElo "2510"]

1.d4 d5 2.c4 c6 3.Nc3 Nf6 4.e3 e6 5.Nf3 a6 6.Qc2 c5 7.cxd5 exd5 8.Be2 Nc6
9.Ne5 Be6 10.Nxc6 bxc6 11.O-O Qc7 12.Na4 cxd4 13.exd4 Bd6 14.h3 O-O 15.Bd3 Bh2+
16.Kh1 Bf4 17.Nc5 a5 18.Re1 Bc8 19.Bd2 Bxd2 20.Qxd2 Nd7 21.Qc2 g6 22.Na4 Nb6
23.Nc5 Nd7 24.Rac1 Nxc5 25.Qxc5 Qf4 26.Kg1 Bd7 27.Bf1 Rfe8 28.Qc3 Qd6 29.Rxe8+ Bxe8
30.Qd2 Qb4 31.Rc3 Bd7 32.a3 Qb6 33.Be2 Rb8 34.b3 Re8 35.Bf3 Bf5 36.g4 Bd7
37.Kg2 Kg7 38.Qf4 Qb8 39.Qxb8 Rxb8 40.Bd1 Kf6 41.h4 h6 42.Rc5 Rb5 43.f4 Ke7
44.g5 h5 45.Rxb5 cxb5 46.b4 axb4 47.axb4 Kd6 48.Be2 Kc6 49.f5 Bxf5 50.Kg3 Bd7
51.Kf4 Kd6 52.Bf1 Be8  1/2-1/2

[Event "Harmonie Open A"]
[Site "Groningen NED"]
[Date "2007.12.24"]
[Round "4"]
[White "Clemens,A"]
[Black "Hoeksema,E"]
[Result "1/2-1/2"]
[WhiteElo "2316"]
[BlackElo "2373"]

1.d4 d5 2.c4 c6 3.e3 Nf6 4.Nc3 e6 5.Nf3 Nbd7 6.Bd3 dxc4 7.Bxc4 b5 8.Be2 Bb7
9.O-O Be7 10.e4 b4 11.e5 bxc3 12.exf6 Bxf6 13.bxc3 c5 14.dxc5 O-O 15.Rb1 Bd5
16.c4 Be4 17.Bd3 Bxd3 18.Qxd3 Nxc5 19.Qxd8 Rfxd8 20.Be3  1/2-1/2

[Event "Abierto"]
[Site "Pamplona ESP"]
[Date "2007.12.24"]
[Round "4"]
[White "Rubio Mejia,L"]
[Black "Krivoshey,S"]
[Result "1/2-1/2"]
[WhiteElo "2327"]
[BlackElo "2484"]

1.d4 d5 2.c4 c6 3.e3 Nf6 4.Nc3 e6 5.Nf3 a6 6.c5 Nbd7 7.b4 Qe7 8.Bb2 e5 9.dxe5 Nxe5
10.Nxe5 Qxe5 11.Na4 Qe6 12.Nb6 Rb8 13.Qf3 Bd7 14.Qf4 Rd8 15.Bxf6 gxf6 16.Nxd7 Rxd7
17.Bd3 Qe5 18.Qd4 Qxd4  1/2-1/2

[Event "16th Donau Open"]
[Site "Aschach Donau AUT"]
[Date "2007.12.26"]
[Round "1"]
[White "Birklbauer,T"]
[Black "Bellia,F"]
[Result "0-1"]
[WhiteElo "2062"]
[BlackElo "2392"]

1.d4 d5 2.Nf3 Nf6 3.c4 c6 4.e3 e6 5.Nc3 Nbd7 6.Be2 Bd6 7.Qc2 dxc4 8.Bxc4 b5
9.Be2 Bb7 10.O-O O-O 11.Rd1 b4 12.Ne4 Nxe4 13.Qxe4 Qe7 14.b3 a5 15.Bb2 a4
16.bxa4 Nb6 17.d5 c5 18.Bd3 g6 19.Qg4 f5 20.Qg5 exd5 21.Qh6 Nxa4 22.Bc1 Qg7
23.Qxg7+ Kxg7 24.Bb5 Be7 25.Bxa4 Rxa4 26.Bb2+ Kg8 27.a3 b3 28.Ne5 Rd8 29.f4 Re4
30.Kf2 d4 31.exd4 cxd4 32.g3 g5 33.Nd3 Ba6 34.fxg5 Bxg5 35.Bc1 Be3+ 36.Kg2 Rc8
37.Nb4 Be2 38.Re1 Bxc1 39.Raxc1 Rxc1 40.Rxc1 d3  0-1

[Event "Harmonie Open A"]
[Site "Groningen NED"]
[Date "2007.12.26"]
[Round "5"]
[White "Adly,A"]
[Black "Mastrovasilis,D"]
[Result "0-1"]
[WhiteElo "2494"]
[BlackElo "2559"]

1.d4 d5 2.c4 c6 3.Nc3 Nf6 4.e3 e6 5.Nf3 Nbd7 6.Qc2 Bd6 7.g4 h6 8.Rg1 e5 9.cxd5 cxd5
10.g5 hxg5 11.Rxg5 e4 12.Ng1 Nb6 13.Rxg7 Kf8 14.Rg2 Rxh2 15.f4 Rh1 16.Nb5 Be7
17.Bd2 Bg4 18.Qb3 Bf3 19.Nxf3 exf3 20.Rf2 Ng4 21.Rxf3 Nh2 22.e4 dxe4 23.Rh3 Nf3+
24.Rxf3 exf3 25.Qxf3 Qd5 26.Qxd5 Nxd5 27.Kf2 a6 28.Nc3 Rd8 29.Kg2 Rh6 30.Nxd5 Rxd5
31.Be3 Rdh5 32.Kf3 Rh2 33.Rc1 Rxb2 34.Rc8+ Kg7 35.Rc7 Bd6 36.Rd7 Kf8 37.Bc4 Ke8
38.Rxf7 Rc2 39.Bb3 Rh3+ 40.Ke4 Re2 41.Rxb7 Rhxe3+ 42.Kd5 Bxf4 43.Ra7 Rd2
44.Ra8+ Ke7 45.Ra7+ Ke8 46.Ra8+ Ke7 47.Ra7+ Kd8 48.Rxa6 Re5+ 49.Kc6 Rxd4
50.Ra8+ Ke7 51.Ra7+ Kf6 52.Rf7+ Kg6 53.Rf8 Rf5 54.Rg8+ Kh7 55.Rg4 Rd6+ 56.Kb7 Rb5+
57.Kc8 Rc5+ 58.Kb7 Rf6 59.Rh4+ Kg7 60.Rg4+ Kh6 61.Rh4+ Kg5 62.Rh5+ Kxh5  0-1

[Event "3rd ch-BIH"]
[Site "Sarajevo BIH"]
[Date "2007.12.26"]
[Round "9"]
[White "Jakovljevic,Vlado"]
[Black "Predojevic,B"]
[Result "1/2-1/2"]
[WhiteElo "2461"]
[BlackElo "2645"]

1.Nf3 d5 2.d4 c6 3.c4 Nf6 4.Nc3 e6 5.e3 Nbd7 6.Bd3 dxc4 7.Bxc4 b5 8.Bd3 Bb7
9.O-O a6 10.e4 c5 11.d5 Qc7 12.dxe6 fxe6 13.Bc2 c4 14.Nd4 Kf7 15.Qf3 Bc5
16.Be3 Rad8 17.Rad1 e5 18.Nf5 g6 19.Bxc5 Nxc5 20.Ne3 Kg7 21.Ned5  1/2-1/2

[Event "37th Rilton Cup"]
[Site "Stockholm SWE"]
[Date "2007.12.27"]
[Round "1"]
[White "Nyback,T"]
[Black "Marttala,T"]
[Result "1-0"]
[WhiteElo "2565"]
[BlackElo "2253"]

1.d4 d5 2.c4 c6 3.Nc3 Nf6 4.e3 e6 5.Nf3 Bd6 6.b3 Nbd7 7.Be2 Qe7 8.O-O O-O
9.Bb2 Ba3 10.Qc1 Bxb2 11.Qxb2 b6 12.a4 a5 13.cxd5 exd5 14.Rfe1 Bb7 15.Bf1 Rfe8
16.g3 Ne4 17.Bg2 Nxc3 18.Qxc3 Qb4 19.Qxb4 axb4 20.Rec1 Ra5 21.Ne1 c5 22.Nd3 Ba6
23.Nf4 c4 24.Nxd5 cxb3 25.Rab1 Rxa4 26.Rxb3 Kf8 27.Rxb4 Rxb4 28.Nxb4 Bb5
29.e4 Rd8 30.e5 g5 31.f4 Nb8 32.d5 gxf4 33.gxf4 Nd7 34.e6 Nc5 35.f5 Ke7 36.Ra1 Ba4
37.Rxa4  1-0

[Event "Abierto"]
[Site "Pamplona ESP"]
[Date "2007.12.28"]
[Round "8"]
[White "Pogorelov,R"]
[Black "Salgado Lopez,I"]
[Result "1/2-1/2"]
[WhiteElo "2411"]
[BlackElo "2460"]

1.Nf3 Nf6 2.c4 e6 3.Nc3 d5 4.d4 c6 5.e3 Nbd7 6.Qc2 Bd6 7.Bd3 dxc4 8.Bxc4 b5
9.Bd3 Bb7 10.O-O O-O 11.a3 a6 12.b4 a5 13.Rb1 axb4 14.axb4 Qe7 15.e4 e5 16.dxe5 Nxe5
17.Nxe5 Bxe5 18.Ne2 Bc7 19.Ng3 Rfd8 20.Rd1 Ng4 21.Be2 Rxd1+ 22.Bxd1 Qh4 23.Bxg4 Qxg4
24.Be3 Re8 25.f3 Qg6 26.Qf2 Bc8 27.Bb6 Bxb6 28.Qxb6 Qd6 29.Rc1 Qxb4 30.Qxc6 Qd4+
31.Kf1 Bd7 32.Qc5 Qd3+ 33.Ne2 Be6 34.Qd4  1/2-1/2

[Event "Premier"]
[Site "Hastings ENG"]
[Date "2007.12.29"]
[Round "2"]
[White "Tahirov,F"]
[Black "Houska,Jo"]
[Result "1-0"]
[WhiteElo "2540"]
[BlackElo "2404"]

1.d4 Nf6 2.Nf3 d5 3.c4 c6 4.e3 e6 5.Nc3 Nbd7 6.Qc2 Bd6 7.b3 O-O 8.Be2 b6
9.O-O Bb7 10.Rd1 Qe7 11.a4 a5 12.Bb2 Rfe8 13.Bd3 h6 14.Re1 Bb4 15.Red1 Bd6
16.Re1 Bb4 17.Red1 Bd6 18.h3 Rac8 19.Qe2 Rcd8 20.Qc2 Rc8 21.Qe2 Rcd8 22.Rab1 Bb8
23.Rbc1 e5 24.cxd5 cxd5 25.Ba6 Ba8 26.Nb5 exd4 27.Nbxd4 Nc5 28.Bb5 Rf8 29.Nf5 Qe6
30.N3d4 Qe5 31.f4 Qe4 32.Rxc5 bxc5 33.Bd3 cxd4 34.Bxe4 dxe4 35.Bxd4  1-0

[Event "Premier"]
[Site "Hastings ENG"]
[Date "2007.12.30"]
[Round "3"]
[White "Knott,S"]
[Black "Haslinger,S"]
[Result "0-1"]
[WhiteElo "2366"]
[BlackElo "2502"]

1.Nf3 d5 2.d4 Nf6 3.c4 c6 4.Nc3 e6 5.e3 Nbd7 6.Bd3 dxc4 7.Bxc4 b5 8.Bd3 Bd6
9.O-O O-O 10.e4 e5 11.Bg5 exd4 12.Nxd4 Ne5 13.Be2 h6 14.Bxf6 Qxf6 15.f4 Bc5
16.Kh1 Nc4 17.e5 Qd8 18.Nb3 Be3 19.Bxc4 bxc4 20.Qxd8 Rxd8 21.Na5 Ba6 22.Nxc6 Rd2
23.Ne7+ Kh7 24.Ned5 Bb6 25.Rfd1 Rxb2 26.Na4 Rf2 27.Naxb6 axb6 28.Kg1 Rb2
29.Nc7 Ra7 30.Nxa6 Rxa6 31.a4 c3 32.Rac1 Rxa4 33.Rxc3 Rxf4 34.Rf1 Rg4 35.Rf2 Rb1+
36.Rf1 Rxf1+ 37.Kxf1 b5 38.Rc6 Re4 39.Rc5 b4 40.Rb5 Kg6 41.Kf2 Kf5 42.Kf3 Rc4
43.g4+ Ke6 44.h3 Kd7 45.Rb7+ Kc6 46.Rxf7 b3 47.e6 b2 48.e7 Re4 49.Kxe4 b1=Q+  0-1

[Event "37th Rilton Cup"]
[Site "Stockholm SWE"]
[Date "2007.12.30"]
[Round "4"]
[White "Akesson,R"]
[Black "Nyback,T"]
[Result "1/2-1/2"]
[WhiteElo "2468"]
[BlackElo "2565"]

1.d4 d5 2.c4 c6 3.Nc3 Nf6 4.e3 e6 5.Nf3 Nbd7 6.Qc2 Bd6 7.Be2 O-O 8.b3 e5
9.cxd5 cxd5 10.Nb5 Bb4+ 11.Bd2 Bxd2+ 12.Nxd2 a6 13.dxe5 Nxe5 14.Nd4 Bd7 15.O-O Rc8
16.Qb2 Qa5 17.N2f3 Nxf3+ 18.Bxf3 Rc7 19.Rac1 Rfc8 20.Rxc7 Qxc7 21.h3  1/2-1/2

[Event "Premier"]
[Site "Hastings ENG"]
[Date "2007.12.31"]
[Round "4"]
[White "Neverov,V"]
[Black "Flear,G"]
[Result "1/2-1/2"]
[WhiteElo "2558"]
[BlackElo "2493"]

1.d4 d5 2.c4 c6 3.Nf3 Nf6 4.Nc3 e6 5.e3 Nbd7 6.Qc2 Bd6 7.b3 O-O 8.Bb2 e5
9.cxd5 cxd5 10.dxe5 Nxe5 11.Be2 Nxf3+ 12.Bxf3 d4 13.exd4 Re8+ 14.Kf1 Qa5
15.Qd2 Bg4 16.Bxg4 Nxg4 17.h3 Nf6 18.Qd3  1/2-1/2

[Event "37th Rilton Cup"]
[Site "Stockholm SWE"]
[Date "2008.01.03"]
[Round "7"]
[White "Nyback,T"]
[Black "Bellon Lopez,JuM"]
[Result "1-0"]
[WhiteElo "2565"]
[BlackElo "2434"]

1.d4 Nf6 2.c4 c6 3.Nc3 d5 4.e3 e6 5.Nf3 Nbd7 6.Qc2 Bd6 7.g4 h6 8.Bd2 Qe7
9.Rg1 g5 10.O-O-O a6 11.h4 gxh4 12.g5 hxg5 13.Nxg5 dxc4 14.Bxc4 Nb6 15.Bb3 h3
16.e4 h2 17.Rh1 Bc7 18.e5 Nfd5 19.Nge4 Qh4 20.Bg5 Qh3 21.Nxd5 Nxd5 22.Bxd5 exd5
23.Qc5 Bd8 24.Nf6+ Bxf6 25.Bxf6 Qh6+ 26.f4 Qf8 27.Bxh8 Qxh8 28.Rd2 Qh4 29.Rdxh2 Qxf4+
30.Rd2 Bh3 31.Qa3  1-0

[Event "2nd ACP World Rapid Cup"]
[Site "Odessa UKR"]
[Date "2008.01.05"]
[Round "1.2"]
[White "Karpov,Ana"]
[Black "Grischuk,A"]
[Result "0-1"]
[WhiteElo "2655"]
[BlackElo "2711"]

1.d4 d5 2.c4 e6 3.Nf3 Nf6 4.Nc3 c6 5.e3 Nbd7 6.Qc2 Bd6 7.e4 Nxe4 8.Nxe4 dxe4
9.Qxe4 e5 10.c5 Bc7 11.dxe5 Nxc5 12.Qc4 Qe7 13.Bg5 Ba5+ 14.Kd1 Qd7+ 15.Kc1 Bb6
16.Be2 O-O 17.Rd1 Qg4 18.Be3 Be6 19.Qxg4 Bxg4 20.h3 Be6 21.Ng5 Bd5 22.Bf3 Rac8
23.Bxd5 cxd5 24.Kb1 Rfd8 25.Nf3 Ne4 26.Nd4 Re8 27.a4 Rxe5 28.a5 Bc5 29.Ra4 Ree8
30.Rd3 g6 31.Rb3 b6 32.Nb5 a6 33.Na7 Rb8 34.Nc6 Rb7 35.axb6 Bxe3 36.Rxe3 Rxb6
37.Nd4 Rc8 38.Ka2 Nxf2 39.Ra5 Rxb2+ 40.Kxb2 Nd1+ 41.Kb3 Nxe3 42.g4 Rc4 43.Nf3 Rf4
44.Ne1 Rf1 45.Nd3 Rf3 46.Kc3 Rxh3 47.Rxa6 Nxg4 48.Kd4 Rf3 49.Nc5 h5 50.Kxd5 Rf5+
51.Kd4 Nf6 52.Ra3 Kg7 53.Rh3 g5 54.Nd3 h4 55.Ne5 Rf4+ 56.Kd3 Nh5 57.Rh2 f6
58.Nc4 Kg6 59.Ne3 Ra4 60.Nc4 Nf4+ 61.Kc3 Ra1 62.Ne3 Ra3+ 63.Kd4 Ra4+ 64.Kc3 Re4
65.Kd2 Rd4+ 66.Kc2 Nd5 67.Nf1 f5 68.Re2 Re4 69.Rd2 Ne3+  0-1

[Event "2nd ACP World Rapid Cup"]
[Site "Odessa UKR"]
[Date "2008.01.06"]
[Round "2.2"]
[White "Gelfand,B"]
[Black "Karjakin,Sergey"]
[Result "1/2-1/2"]
[WhiteElo "2737"]
[BlackElo "2732"]

1.d4 d5 2.c4 c6 3.Nc3 Nf6 4.Nf3 e6 5.e3 Nbd7 6.Qc2 Bd6 7.b3 O-O 8.Be2 b6
9.O-O Bb7 10.Bb2 Qe7 11.Rad1 Rad8 12.cxd5 exd5 13.Rfe1 Rfe8 14.Bf1 Ne4 15.g3 f5
16.Nh4 g6 17.f4 Ndf6 18.Nf3 Nxc3 19.Bxc3 Ne4 20.Bb2 Bb4 21.Re2 Ba6 22.Rg2 Bxf1
23.Rxf1 Qe6 24.Ne5 Rc8 25.g4 Bd6 26.Qd1 fxg4 27.Qxg4 Qxg4 28.Rxg4 Rf8 29.f5 g5
30.h4 h6 31.Nd7 Rf7 32.Ne5 Rff8 33.Nd7 Rf7  1/2-1/2

[Event "ITT"]
[Site "Villa Martelli Verano ARG"]
[Date "2008.01.07"]
[Round "4"]
[White "Fernandez,Dani"]
[Black "De Dovitiis,A"]
[Result "1/2-1/2"]
[WhiteElo "2437"]
[BlackElo "2326"]

1.Nf3 d5 2.d4 Nf6 3.c4 e6 4.Nc3 c6 5.e3 Nbd7 6.Qc2 Bd6 7.g4 Bb4 8.Bd2 Qe7
9.g5 Bxc3 10.Bxc3 Ne4 11.Rg1 b6 12.Bd3 Nxc3 13.Qxc3 Bb7 14.cxd5 exd5 15.Bf5 O-O
16.Qc2 g6 17.Bxd7 Qxd7 18.Ne5 Qd6 19.f4 Rac8 20.Qa4 Rc7 21.Rc1 c5 22.h4 Rfc8
23.Kd2 a6 24.Ng4 Qe6 25.f5 Qd6 26.h5 gxf5 27.Ne5 b5 28.Qa3 Qe6 29.Qd3 c4
30.Qe2 Qb6 31.g6 fxg6 32.hxg6 Qa5+ 33.Kc2 h6 34.Nf7 Qxa2 35.Nxh6+ Kf8 36.Nxf5 c3
37.g7+  1/2-1/2

[Event "ch-CUB"]
[Site "Santa Clara CUB"]
[Date "2008.01.08"]
[Round "1"]
[White "Gongora Reyes,M"]
[Black "Corrales Jimenez,F"]
[Result "0-1"]
[WhiteElo "2416"]
[BlackElo "2509"]

1.d4 d5 2.c4 c6 3.Nc3 Nf6 4.e3 e6 5.Nf3 Nbd7 6.Bd3 dxc4 7.Bxc4 b5 8.Bd3 a6
9.e4 c5 10.e5 cxd4 11.Nxb5 Ng4 12.Nd6+ Bxd6 13.exd6 Qa5+ 14.Bd2 Qd5 15.Bb4 Bb7
16.Rc1 O-O 17.Rc7 Nde5 18.Nxe5 Qxe5+ 19.Be2 d3 20.Qxd3 Bxg2 21.Rg1 Qxh2 22.Rxg2 Qxg2
23.Qf3 Qg1+ 24.Kd2 Rab8 25.Rc1 Ne5 26.Qe3 Qg2 27.Bc3 Ng6 28.Bf3 Qh2 29.Kc2 Qxd6
30.Kb1 Rfd8 31.Be4 Qf4 32.Qe2 Rdc8 33.Rc2 Qg5 34.Qxa6 Qg1+ 35.Rc1 Qxf2 36.Qd6 Qe3
37.Qd3 Qxd3+ 38.Bxd3 Nf4 39.Bf1 Nd5 40.Be5 Rxc1+ 41.Kxc1 Rc8+ 42.Kd2 h5 43.a4 g5
44.a5 Ra8 45.a6 Nb4 46.Kc3 Nxa6 47.b4 Nc7 48.Kc4 Nd5 49.b5 Ne3+  0-1

[Event "5th TCh-Asia w"]
[Site "Visakhpatnam IND"]
[Date "2008.01.08"]
[Round "6"]
[White "Sachdev,T"]
[Black "Shen Yang"]
[Result "0-1"]
[WhiteElo "2417"]
[BlackElo "2429"]

1.d4 d5 2.c4 c6 3.Nf3 Nf6 4.e3 e6 5.Nc3 Nbd7 6.Qc2 Bd6 7.g4 h6 8.Bd2 dxc4
9.Bxc4 b5 10.Be2 Bb7 11.Rg1 Rc8 12.g5 hxg5 13.Rxg5 Kf8 14.e4 b4 15.Na4 c5
16.d5 Be7 17.Bc4 exd5 18.exd5 Nb6 19.Nxb6 axb6 20.O-O-O Bd6 21.Rdg1 Ne8 22.Rf5 Rc7
23.Ng5 Kg8 24.h3 Bc8 25.Rf3 Nf6 26.Ne4 Nxe4 27.Qxe4 Re7 28.Qd3 Qe8 29.Rf6 Rxh3
30.Rf3 Rh4 31.Bb5 Bd7 32.Bxd7 Qxd7 33.Bg5 Rd4 34.Qa6 Ree4 35.Bf6 Rg4 36.Rxg4 Rxg4
37.Qa8+ Bf8 38.Be5 Qb5 39.d6 Qe2  0-1

[Event "5th TCh-Asia w"]
[Site "Visakhpatnam IND"]
[Date "2008.01.08"]
[Round "6"]
[White "Sahajasri,C"]
[Black "Ranasinghe,S"]
[Result "1-0"]
[WhiteElo "1899"]
[BlackElo "1835"]

1.d4 d5 2.c4 c6 3.Nf3 Nf6 4.Nc3 e6 5.e3 Nbd7 6.Qc2 Bd6 7.g4 Nxg4 8.Rg1 Qf6
9.Rxg4 Qxf3 10.Rxg7 Nf8 11.Rg1 Bxh2 12.Be2 Qf6 13.Rh1 Bd6 14.Bd2 dxc4 15.Ne4 Qe7
16.Bc3 Bb4 17.O-O-O Bxc3 18.Qxc3 Ng6 19.Bh5 Qf8 20.Qa5 f5 21.Qe5 fxe4 22.Bxg6+ Kd8
23.Bxe4 h6 24.Rdg1 Bd7 25.Rg6 Kc8 26.Rhg1 b6 27.Rg7 Qxf2 28.Bxc6  1-0

[Event "ch-CUB"]
[Site "Santa Clara CUB"]
[Date "2008.01.09"]
[Round "2"]
[White "Comez Ledo,R"]
[Black "Arencibia Rodriguez,W"]
[Result "1/2-1/2"]
[WhiteElo "2411"]
[BlackElo "2573"]

1.d4 d5 2.c4 c6 3.Nc3 Nf6 4.e3 e6 5.Nf3 a6 6.c5 b6 7.cxb6 Qxb6 8.Na4 Qa7
9.Bd2 a5 10.Rc1 Bd6 11.Be2 O-O 12.O-O Ba6 13.Ne1 Rc8 14.Nd3 Nbd7 15.Nac5 Nxc5
16.Nxc5 Bxe2 17.Qxe2 Qb8 18.Nd3 Bxh2+ 19.Kh1 Bd6 20.Rc2 Ne4 21.Be1 Qb6 22.f3 Nf6
23.Bf2 Ra7 24.e4 Bf8 25.e5 Nd7 26.Rfc1 a4 27.g4 Rac7 28.Qe3 Qb5 29.Kg2 Nb8
30.f4 Na6 31.a3 Qb3 32.Rc3 Qb7 33.Qf3 Qb5 34.Rh1 c5 35.f5 cxd4 36.Rxc7 Rxc7
37.Qh3 h6 38.fxe6 fxe6 39.g5 Qe8 40.Nf4 Nc5 41.Qg4 g6 42.gxh6 Kh7 43.Rc1 Na6
44.Rf1 Rc6 45.Bxd4 Nc7 46.Nh3 Bxh6 47.Ng5+ Kg7 48.Rf7+ Qxf7 49.Nxf7 Kxf7
50.Qf3+ Ke8 51.Qf6 Kd7 52.Qxg6 Bd2 53.Qd3 Ba5 54.b3 axb3 55.Qxb3 Rc4 56.Bb2 Kc6
57.a4 Bb4 58.Ba3 Bxa3 59.Qxa3 Kb6  1/2-1/2

[Event "XXXIII Open"]
[Site "Sevilla ESP"]
[Date "2008.01.09"]
[Round "6"]
[White "Kononenko,T"]
[Black "Zhao Zong Yuan"]
[Result "0-1"]
[WhiteElo "2378"]
[BlackElo "2487"]

1.d4 Nf6 2.c4 e6 3.Nf3 d5 4.Nc3 c6 5.e3 Nbd7 6.Qc2 Bd6 7.Bd3 O-O 8.O-O dxc4
9.Bxc4 b5 10.Be2 Bb7 11.Rd1 Qb8 12.e4 e5 13.Bg5 exd4 14.Rxd4 b4 15.Bxf6 Nxf6
16.Na4 Re8 17.Rad1 Bf8 18.e5 Nd5 19.Nc5 Bxc5 20.Qxc5 a5 21.Qc2 Qd8 22.Bc4 Qe7
23.Qf5 Rad8 24.Bd3 g6 25.Qh3 c5 26.Rh4 Bc8 27.Qg3 Nb6 28.Rd2 Bb7 29.Be4 Rxd2
30.Nxd2 Qd8 31.Nf1 Ba6 32.Ne3 Nc4 33.h3 Nxe3 34.fxe3 Qd1+ 35.Kh2 Qd2 36.Qf4 Qxb2
37.Bd5 Re7 38.e6 f6 39.Qb8+ Kg7 40.Re4 f5 41.Rf4 Qf6 42.e4 Bd3 43.exf5 gxf5
44.g4 c4 45.gxf5 h5 46.Be4 Bxe4 47.Rxe4 Qxf5 48.Qg3+ Kh7  0-1

[Event "Paul Keres Mem GMA"]
[Site "Tallinn EST"]
[Date "2008.01.09"]
[Round "5"]
[White "Gavrilov,Al1"]
[Black "Kulaots,K"]
[Result "1/2-1/2"]
[WhiteElo "2491"]
[BlackElo "2533"]

1.d4 Nf6 2.c4 e6 3.Nf3 d5 4.Nc3 c6 5.e3 Nbd7 6.Bd3 dxc4 7.Bxc4 b5 8.Bd3 Bb7
9.O-O a6 10.e4 c5 11.d5 c4 12.Bc2 Qc7 13.dxe6 fxe6 14.Nd4 Nc5 15.Be3 e5 16.Nf3 Be7
17.Ng5 O-O 18.Bxc5 Bxc5 19.Ne6 Qb6 20.Nxf8 Rxf8 21.Qe2 Qe6 22.a4 b4 23.Nd5 Nxd5
24.Qxc4 Nf4 25.Qxc5 Qg4 26.Bb3+ Rf7 27.Bxf7+ Kxf7 28.Qc7+ Kg6 29.Qd6+ Kf7
30.Qc7+ Kg6 31.Qd6+ Kf7  1/2-1/2

[Event "Paul Keres Mem GMB"]
[Site "Tallinn EST"]
[Date "2008.01.10"]
[Round "7"]
[White "Bashkite,V"]
[Black "Shumiakina,T"]
[Result "0-1"]
[WhiteElo "2174"]
[BlackElo "2352"]

1.d4 d5 2.c4 c6 3.Nc3 Nf6 4.e3 e6 5.Nf3 Nbd7 6.Qc2 Bd6 7.Bd3 O-O 8.O-O dxc4
9.Bxc4 a6 10.Rd1 b5 11.Be2 Qc7 12.Ne4 Nxe4 13.Qxe4 Re8 14.Bd2 Bb7 15.Rac1 c5
16.Qh4 Be7 17.Qh3 c4 18.b3 Ba3 19.bxc4 Bxc1 20.Rxc1 bxc4 21.Rxc4 Qd8 22.Bd3 Nf6
23.Ne5 Bd5 24.Rc2 Be4 25.Bxe4 Nxe4 26.Qf3 f5 27.Qh5 Qe7 28.Be1 Rec8 29.Qe2 Qb7
30.Rb2 Qc7 31.f3 Nc3 32.Qd2 Nd5 33.Nd3 Rab8 34.e4 Rxb2 35.Qxb2 fxe4 36.fxe4 Qc4
37.Ne5 Qc1 38.Qxc1 Rxc1 39.exd5 Rxe1+ 40.Kf2 Rd1 41.dxe6 Kf8 42.Nc6 Rc1 43.Nb8 Ke7
44.d5 Rc5 45.Nxa6 Rxd5 46.Nb4 Rd2+ 47.Kf3 Kxe6 48.a4 Rd4 49.Na6 Kd6 50.a5 Ra4
51.Ke3 Ra3+ 52.Kf2 Rb3 53.Ke2 Kc6 54.Kd2 Rb2+ 55.Kc3 Rxg2  0-1

[Event "ASEAN Masters Circuit GMA"]
[Site "Tarakan INA"]
[Date "2008.01.10"]
[Round "3"]
[White "Ginting,Nas"]
[Black "Kosasih,C"]
[Result "1-0"]
[WhiteElo "2393"]
[BlackElo "2408"]

1.Nf3 d5 2.d4 Nf6 3.c4 c6 4.Nc3 e6 5.e3 Nbd7 6.Bd3 Bd6 7.e4 dxe4 8.Nxe4 Nxe4
9.Bxe4 Bb4+ 10.Bd2 Bxd2+ 11.Qxd2 Nf6 12.Bc2 O-O 13.O-O-O a5 14.Ne5 a4 15.g4 a3
16.b3 Nd7 17.f4 Nxe5 18.fxe5 Qh4 19.g5 Bd7 20.Rhg1 c5 21.dxc5 Bc6 22.Rg3 g6
23.Rd3 Rac8 24.Rd4 Qh5 25.Qf4 Qe2 26.Rf1 Bg2 27.Rf2 Qe1+ 28.Rd1 Qc3 29.Qd4 Qh3
30.Rd3 Qxh2 31.Bd1 Qg1 32.Rfd2 Qh1 33.Qg4 Bc6 34.Rh3 Qe1 35.Qh4 Qxh4 36.Rxh4 Rc7
37.Kc2 Be8 38.b4 Ba4+ 39.Kc3 Bxd1 40.Rxd1 h5 41.Kb3 Ra8 42.Rhd4 Kg7 43.Rd8 Rcc8
44.Rxc8 Rxc8 45.Kxa3 h4 46.Rh1 Rh8 47.b5 Kf8 48.Kb4 Ke7 49.Ka5 Kd7 50.Kb6 Kc8
51.Rh3 Rh5 52.c6 bxc6 53.bxc6  1-0